Potenzielle Neue Europaische Lander - Statistiken

Allgemein
  • Dieses Quiz wurde 254 mal gespielt
  • Das Durchschnittsergebnis liegt bei 7 aus 16
Antwortstatistiken
Lokalisierung Antwort % Korrekt
Nordlich von England Schottland
94%
Westlich von England Wales
87%
Nordost Spanien Katalonien
83%
Sudostlichdeutschland Bayern
74%
Einheitliche Insel Irland
68%
Nord Spanien Baskenland
62%
Westliche Halbinsel von Frankreich Bretagne
55%
Sudlich der Niederlande Flandern
47%
Nordwestliche Region von Italien Lombardei
30%
Ostliche Region der Tschechischen Republik Mahren
27%
Nordostliche Region von Italien Venetien
23%
Nordliche Region der Niederlande Friesland
20%
Nordwest Spanien Galicien
17%
Sudlichefrankreich Okzitanien
7%
Nordliche Halbe Italien Padanien
3%
Nordlich von Frankreich Wallonia
1%
Keine übereinstimmenden Quizze gefunden
Verteilung der Resultate
Anzahl Personen mit jedem Resultat
Perzentil nach korrekt beantworteten Fragen
Ihre Resultats-Entwicklung
Sie haben dieses Quiz noch nicht gespielt